High-performance embedded computing : architectures, applications, and methodologies /

Over the past several years, embedded systems have emerged as an integral though unseen part of many consumer, industrial, and military devices. The explosive growth of these systems has resulted in embedded computing becoming an increasingly important discipline. The need for designers of high-perf...

Full description

Bibliographic Details
Main Author: Wolf, Marilyn, 1958-
Corporate Author: ScienceDirect (Online service)
Format: eBook
Language:English
Published: Amsterdam ; Boston : Elsevier/Morgan Kaufmann Publishers, [2007]
Edition:1st ed.
Subjects:
Online Access:Connect to the full text of this electronic book
Connect to the full text of this electronic book

MARC

Tag First Indicator Second Indicator Subfields
LEADER 00000cam a2200000Ia 4500
001 in00002425232
005 20190327171529.0
006 m d
007 cr cn|
008 070806s2007 ne a ob 001 0 eng d
020 |a 9780123694850 
020 |a 012369485X 
029 1 |a NZ1  |b 11778464 
035 |a (OCoLC)ocn162573267 
035 |a (OCoLC)162573267 
037 |a 105932:105962  |b Elsevier Science & Technology  |n http://www.sciencedirect.com 
040 |a OPELS  |c OPELS  |d BAKER  |d UtOrBLW 
049 |a TXAM 
050 1 4 |a TK7895.E42  |b W65 2007eb 
082 0 4 |a 004.16  |2 22 
100 1 |a Wolf, Marilyn,  |d 1958- 
245 1 0 |a High-performance embedded computing :  |b architectures, applications, and methodologies /  |c Wayne Wolf. 
250 |a 1st ed. 
264 1 |a Amsterdam ;  |a Boston :  |b Elsevier/Morgan Kaufmann Publishers,  |c [2007] 
264 4 |c ©2007 
300 |a 1 online resource. 
336 |a text  |b txt  |2 rdacontent 
337 |a computer  |b c  |2 rdamedia 
338 |a online resource  |b cr  |2 rdacarrier 
520 |a Over the past several years, embedded systems have emerged as an integral though unseen part of many consumer, industrial, and military devices. The explosive growth of these systems has resulted in embedded computing becoming an increasingly important discipline. The need for designers of high-performance, application-specific computing systems has never been greater, and many universities and colleges in the US and worldwide are now developing advanced courses to help prepare their students for careers in embedded computing. High-Performance Embedded Computing: Architectures, Applications, and Methodologies is the first book designed to address the needs of advanced students and industry professionals. Focusing on the unique complexities of embedded system design, the book provides a detailed look at advanced topics in the field, including multiprocessors, VLIW and superscalar architectures, and power consumption. Fundamental challenges in embedded computing are described, together with design methodologies and models of computation. HPEC provides an in-depth and advanced treatment of all the components of embedded systems, with discussions of the current developments in the field and numerous examples of real-world applications. <li>Covers advanced topics in embedded computing, including multiprocessors, VLIW and superscalar architectures, and power consumption <li>Provides in-depth coverage of networks, reconfigurable systems, hardware-software co-design, security, and program analysis <li>Includes examples of many real-world embedded computing applications (cell phones, printers, digital video) and architectures (the Freescale Starcore, TI OMAP multiprocessor, the TI C5000 and C6000 series, and others). 
505 0 |a 1 Embedded Computing -- 1.1 The Landscape of High-Performance Embedded Computing -- 1.2 Example Applications -- 1.3 Design Goals -- 1.4 Design Methodologies -- 1.5 Models of Computation -- 1.6 Reliability, Safety, and Security -- 1.7 Consumer Electronics Architectures -- 1.8 Summary and a Look Ahead -- What We Learned -- Further Reading -- Questions -- Lab Exercises -- 2 CPUs -- 2.1 Introduction -- 2.2 Comparing Processors -- 2.3 RISC Processors and Digital Signal Processors -- 2.4 Parallel Execution Mechanisms -- 2.5 Variable-Performance CPU Architectures -- 2.6 Processor Memory Hierarchy -- 2.7 Additional CPU Mechanisms -- 2.8 CPU Simulation -- 2.9 Automated CPU Design -- 2.10 Summary -- What We Learned -- Further Reading -- Questions -- Lab Exercises -- 3 Programs -- 3.1 Introduction -- 3.2 Code Generation and Back-End Compilation -- 3.3 Memory-Oriented Optimizations -- 3.4 Program Performance Analysis -- 3.5 Models of Computation and Programming -- 3.6 Summary -- What We Learned -- Further Reading -- Questions -- Lab Exercises -- 4 Processes and Operating Systems -- 4.1 Introduction -- 4.2 Real-Time Process Scheduling -- 4.3 Languages and Scheduling -- 4.4 Operating System Design -- 4.5 Verification -- 4.6 Summary -- What We Learned -- Further Reading -- Questions -- Lab Exercises -- 5 Multiprocessor Architectures -- 5.1 Introduction -- 5.2 Why Embedded Multiprocessors? -- 5.3 Multiprocessor Design Techniques -- 5.4 Multiprocessor Architectures -- 5.5 Processing Elements -- 5.6 Interconnection Networks -- 5.7 Memory Systems -- 5.8 Physically Distributed Systems and Networks -- 5.9 Multiprocessor Design Methodologies and Algorithms -- 5.10 Summary -- What We Learned -- Further Reading -- Questions -- Lab Exercises -- 6 Multiprocessor Software -- 6.1 Introduction -- 6.2 What Is Different About Embedded Multiprocessor Software? -- 6.3 Real-Time Multiprocessor Operating Systems -- 6.4 Services and Middleware for Embedded Multiprocessors -- 6.5 Design Verification -- 6.6 Summary -- What We Learned -- Further Reading -- Questions -- Lab Exercises -- 7 Hardware/Software Co-Design -- 7.1 Introduction -- 7.2 Design Platforms -- 7.3 Performance Analysis -- 7.4 Hardware/Software Co-Synthesis Algorithms -- 7.5 Hardware/Software Co-Simulation -- 7.6 Summary -- What We Learned -- Further Reading -- Questions -- Lab Exercises -- Glossary. 
504 |a Includes bibliographical references (pages 467-499) and index. 
500 |a Electronic resource. 
650 0 |a Embedded computer systems. 
650 0 |a High performance computing. 
655 7 |a Electronic books.  |2 local 
776 1 |c Original  |z 012369485X  |z 9780123694850  |w (DLC) 2006023933  |w (OCoLC)70778283 
710 2 |a ScienceDirect (Online service) 
856 4 0 |u http://proxy.library.tamu.edu/login?url=http://www.sciencedirect.com/science/book/9780123694850  |z Connect to the full text of this electronic book  |t 0 
856 4 2 |3 Publisher description  |u http://www.loc.gov/catdir/enhancements/fy0664/2006023933-d.html  |z Connect to the full text of this electronic book  |t 0 
994 |a 92  |b TXA 
999 |a MARS 
999 f f |s b794935a-5ed5-35d2-9c59-fd5f1dd9f23b  |i b304b5e7-9d33-30bb-848e-606713e6e99a  |t 0 
952 f f |a Texas A&M University  |b College Station  |c Electronic Resources  |d Available Online  |t 0  |e TK7895.E42 W65 2007eb  |h Library of Congress classification 
998 f f |a TK7895.E42 W65 2007eb  |t 0  |l Available Online